| 000 | 01003cam a22003015a 4500 | ||
|---|---|---|---|
| 001 | 17222865 | ||
| 005 | 20150609155306.0 | ||
| 008 | 120322t2012 enka frb f001 0 eng d | ||
| 020 | _a9780195385373 (pbk. : alk. paper) | ||
| 040 |
_aDLC _cDLC _dDLC _dEG-ScBUE _beng |
||
| 050 | 0 | 0 |
_aRJ506.W44 _bL36 2012 |
| 082 | 0 | 4 |
_a618.928 _222 _bLAN |
| 100 | 1 |
_aLandau, Barbara, _d1949- _938132 |
|
| 245 | 1 | 0 |
_aSpatial representation : _bfrom gene to mind / _cBarbara Landau, James E. Hoffman. |
| 260 |
_aOxford ; _aNew York : _bOxford University Press, _cc.2012. |
||
| 300 |
_axv, 375 p. : _bill. (some col.) ; _c24 cm. |
||
| 490 | 0 | _aOxford series in developmental cognitive neuroscience | |
| 500 | _aIncludes indexes. | ||
| 504 | _aBibliography : p. 329-351. | ||
| 590 | _aSara elBakry | ||
| 650 | 0 |
_aWilliams syndrome. _2BUEsh |
|
| 650 | 0 |
_aCognition disorders. _2BUEsh |
|
| 651 | _2BUEsh | ||
| 653 |
_bBUSECO _cJune2015 |
||
| 655 |
_vreading book _934232 |
||
| 700 | 1 | _aHoffman, James E. | |
| 942 | _2ddc | ||
| 999 |
_c19507 _d19479 |
||